000 00362nam a22000977a 4500
999 _c511308
_d511308
082 _aH52x54 A151
245 _aAll India Major Criminal Acts
_bCriminal Procedure Code As Amended Up to Date Indian Penal Code As Amended Up to Date Indian Evidence(Amended Up to Date)
260 _aAllahabad
_bAllahabad Law Agency
300 _a42p.
650 _aMost Frequent
_910936